Ligue 1 2015/2016 Classement - Statistiques

Statistiques générales
  • Ce quiz a été pris 109 fois
  • Le résultat moyen est 18 sur 20
Statistiques - réponses
Classement pts Equipes % Correct
2 65 Lyon
100%
1 96 Paris
100%
3 65 Monaco
99%
17 40 Toulouse
99%
5 60 Lille
98%
13 48 Marseille
98%
14 48 Nantes
98%
4 63 Nice
98%
6 58 Saint-Etienne
98%
11 50 Bordeaux
97%
8 52 Rennes
96%
12 49 Montpellier
91%
15 46 Lorient
89%
19 37 Gazelec Ajaccio
88%
10 50 Bastia
86%
18 39 Reims
86%
9 50 Angers
79%
7 54 Caen
78%
16 44 Guingamp
77%
20 18 Troyes
72%
Aucun quiz correspondant
Distribution des résultats
% des personnes avec chaque résultat
Percentile par nombre de réponses
Votre historique - résultats
Vous n’avez pas pris ce quiz